Issues In Artificial Intelligence And Cognitive Science (Record no. 96270)
[ view plain ]
| 000 -LEADER | |
|---|---|
| fixed length control field | 00464nam a2200181Ia 4500 |
| 008 - FIXED-LENGTH DATA ELEMENTS--GENERAL INFORMATION | |
| fixed length control field | 230125s9999 xx 000 0 und d |
| 020 ## - INTERNATIONAL STANDARD BOOK NUMBER | |
| International Standard Book Number | 9788178847948 |
| 041 ## - LANGUAGE CODE | |
| Language code of text/sound track or separate title | eng |
| 082 ## - DEWEY DECIMAL CLASSIFICATION NUMBER | |
| Classification number | 006.3 |
| Item number | TUL |
| 100 ## - MAIN ENTRY--PERSONAL NAME | |
| Personal name | Tuli K L |
| 9 (RLIN) | 118262 |
| 245 ## - TITLE STATEMENT | |
| Title | Issues In Artificial Intelligence And Cognitive Science |
| 250 ## - EDITION STATEMENT | |
| Edition statement | 1st Ed. |
| 260 ## - PUBLICATION, DISTRIBUTION, ETC. (IMPRINT) | |
| Date of publication, distribution, etc. | 2011 |
| Name of publisher, distributor, etc. | Cyber tech publisher |
| Place of publication, distribution, etc. | New Delhi |
| 300 ## - PHYSICAL DESCRIPTION | |
| Extent | 272p |
| 700 ## - ADDED ENTRY--PERSONAL NAME | |
| Personal name | Tuli K L |
| 9 (RLIN) | 118262 |
| 906 ## - LOCAL DATA ELEMENT F, LDF (RLIN) | |
| b | 238 |
| Withdrawn status | Lost status | Damaged status | Not for loan | Home library | Current library | Date acquired | Vendor | Cost, normal purchase price | Bill number | Total Checkouts | Full call number | Barcode | Date last seen | Cost, replacement price | Bill Date | Koha item type | Original Barcode |
|---|---|---|---|---|---|---|---|---|---|---|---|---|---|---|---|---|---|
| Smt. Hiraben Nanavati Institute of Management & Research for Women | Smt. Hiraben Nanavati Institute of Management & Research for Women | 06/02/2020 | Forward Books | 850.00 | 11188 | 006.3 TUL B19607 | HIMR-BK-19607 | 25/01/2023 | 612.00 | 25/01/2023 | Books | B19607 | |||||
| Smt. Hiraben Nanavati Institute of Management & Research for Women | Smt. Hiraben Nanavati Institute of Management & Research for Women | 06/02/2020 | Forward Books | 850.00 | 11188 | 006.3 TUL B19608 | HIMR-BK-19608 | 25/01/2023 | 612.00 | 25/01/2023 | Books | B19608 | |||||
| Smt. Hiraben Nanavati Institute of Management & Research for Women | Smt. Hiraben Nanavati Institute of Management & Research for Women | 06/02/2020 | Forward Books | 850.00 | 11188 | 006.3 TUL B19609 | HIMR-BK-19609 | 25/01/2023 | 612.00 | 25/01/2023 | Books | B19609 | |||||
| Smt. Hiraben Nanavati Institute of Management & Research for Women | Smt. Hiraben Nanavati Institute of Management & Research for Women | 06/02/2020 | Forward Books | 850.00 | 11188 | 006.3 TUL B19606 | HIMR-BK-19606 | 25/01/2023 | 612.00 | 25/01/2023 | Books | B19606 |